[Event "7th SC 1400/1800"]
[Site "SchemingMind.com"]
[Date "2006.04.12"]
[Round "-"]
[White "mart_r3000"]
[Black "langhab"]
[Result "0-1"]
[WhiteCountry "ENG"]
[BlackCountry "PHI"]
[WhiteElo "1260"]
[WhiteRD "61"]
[BlackElo "1649"]
[BlackRD "65"]
[GameID "46296"]

1. e4 e5 2. Nf3 d6 3. c3 Be6 4. d4 exd4 5. Nxd4 a6 6. Nxe6 fxe6 7. Bc4 Qf6 8. O-O Nc6 9. Qa4 Ne7 10. Qb3 b5
11. Bxe6 Na5 12. Bf7+ Qxf7 13. Qb4 Nec6 14. Qa3 Be7 15. b3 O-O 16. b4 Nc4 17. Qb3 d5 18. f3 dxe4 19. f4 Bd6 20. g3 Rae8
21. Qd1 e3 22. Qf3 Nb8 23. a4 c5 24. Re1 cxb4 25. cxb4 Bxb4 26. Rd1 e2 27. Re1 Bxe1 28. axb5 Bf2+
0-1

[Event "7th SC 1400/1800"]
[Site "SchemingMind.com"]
[Date "2006.04.14"]
[Round "-"]
[White "langhab"]
[Black "mart_r3000"]
[Result "1-0"]
[WhiteCountry "PHI"]
[BlackCountry "ENG"]
[WhiteElo "1649"]
[WhiteRD "65"]
[BlackElo "1260"]
[BlackRD "61"]
[GameID "46297"]

1. d4 d5 2. c4 Nc6 3. Nf3 Nf6 4. Bg5 Bd7 5. Bxf6 exf6 6. cxd5 Bb4+ 7. Nc3 O-O 8. dxc6 bxc6 9. e3 a6 10. Be2 Be6
11. O-O Bd6 12. Qc2 g6 13. a3 f5 14. Rfd1 Qf6 15. Na4 Bd5 16. Nc5 Rad8 17. Bxa6 Bxf3 18. gxf3 Qg5+ 19. Kh1 Qh4 20. f4 Qg4
21. Rg1 Qf3+ 22. Rg2 h5 23. Be2 Qh3 24. Rg3 Qh4 25. Qxf5 Qe7 26. Bxh5 Kg7 27. Bxg6 f6 28. Bf7+
1-0

[Event "7th SC 1400/1800"]
[Site "SchemingMind.com"]
[Date "2006.04.14"]
[Round "-"]
[White "orothain"]
[Black "langhab"]
[Result "0-1"]
[WhiteCountry "USA"]
[BlackCountry "PHI"]
[WhiteElo "1424"]
[WhiteRD "120"]
[BlackElo "1640"]
[BlackRD "66"]
[GameID "46559"]

1. e4 e5 2. Nf3 d6 3. d4 exd4 4. Qxd4 Nc6 5. Bb5 Bd7 6. Bxc6 Bxc6 7. Nc3 Qf6 8. Bg5 Qxd4 9. Nxd4 Bd7 10. Be3 O-O-O
11. O-O-O g6 12. f4 Bg7 13. h3 Ne7 14. g4 a6 15. f5 Nc6 16. Rhf1 Ne5 17. f6 Bf8 18. Nf3 h5 19. Nxe5 dxe5 20. Rg1 hxg4
21. hxg4 Rh4 22. g5 Bb4 23. Bf2 Rh3 24. Rg3 Rxg3 25. Bxg3 Bd6 26. Rd5 Be6 27. Ra5 Kb8 28. Bxe5 b6 29. Bxd6 bxa5 30. Bf4 Kb7
31. a3 Kc6 32. b4 axb4 33. axb4 Rd4 34. Ne2 Rxe4
0-1

[Event "7th SC 1400/1800"]
[Site "SchemingMind.com"]
[Date "2006.04.14"]
[Round "-"]
[White "orothain"]
[Black "mart_r3000"]
[Result "0-1"]
[WhiteCountry "USA"]
[BlackCountry "ENG"]
[WhiteElo "1491"]
[WhiteRD "152"]
[BlackElo "1213"]
[BlackRD "72"]
[GameID "46560"]

1. e4 e5 2. Nf3 d6 3. d4 Nc6 4. dxe5 Bg4 5. exd6 Bxd6 6. Bb5 Nf6 7. Nc3 O-O 8. O-O Ne5 9. Be2 Bh5 10. Nxe5 Qe7
11. Bxh5 Qxe5 12. Bf3 Qxh2#
0-1

[Event "7th SC 1400/1800"]
[Site "SchemingMind.com"]
[Date "2006.04.16"]
[Round "-"]
[White "langhab"]
[Black "orothain"]
[Result "0-1"]
[WhiteCountry "PHI"]
[BlackCountry "USA"]
[WhiteElo "1640"]
[WhiteRD "66"]
[BlackElo "1424"]
[BlackRD "120"]
[GameID "46561"]

1. e4 e5 2. Nf3 Nc6 3. Bc4 Nf6 4. Ng5 d5 5. exd5 Na5 6. Bb5+ c6 7. dxc6 bxc6 8. Be2 h6 9. Nf3 e4 10. Ne5 Bd6
11. f4 exf3 12. Nxf3 O-O 13. O-O Bb7 14. d4 c5 15. c3 cxd4 16. Nxd4 Nc6 17. Be3 Re8 18. Bf2 Nxd4 19. Bxd4 Qc7 20. g3 Be5
21. Bf3 Bxf3 22. Qxf3 Bxd4+ 23. cxd4 Qc2 24. Na3 Qxb2 25. Rad1 Qxa2 26. d5 Qb2 27. Nc4 Qb8 28. d6 Qb4 29. d7 Red8 30. Ne5 Qc5+
31. Rf2 Qxe5 32. Rdf1 Qe6 33. Qb7 Qxd7
0-1

[Event "7th SC 1400/1800"]
[Site "SchemingMind.com"]
[Date "2006.04.14"]
[Round "-"]
[White "mart_r3000"]
[Black "orothain"]
[Result "0-1"]
[WhiteCountry "ENG"]
[BlackCountry "USA"]
[WhiteElo "1213"]
[WhiteRD "72"]
[BlackElo "1491"]
[BlackRD "152"]
[GameID "46562"]

1. e4 e5 2. Nf3 Nc6 3. c3 Nf6 4. Bd3 d5 5. Ng5 h6 6. Nf3 dxe4 7. Bc4 exf3 8. gxf3 Bc5 9. O-O O-O 10. Re1 Nd5
11. Bd3 Nf4 12. Bf1 Bh3 13. Bc4 Qg5+
0-1

[Event "7th SC 1400/1800"]
[Site "SchemingMind.com"]
[Date "2006.04.15"]
[Round "-"]
[White "Zarra"]
[Black "langhab"]
[Result "1-0"]
[WhiteCountry "FIN"]
[BlackCountry "PHI"]
[WhiteElo "1718"]
[WhiteRD "82"]
[BlackElo "1649"]
[BlackRD "65"]
[GameID "46619"]

1. e4 e5 2. Nf3 d6 3. Bc4 h6 4. Nc3 c6 5. d4 b5 6. Bb3 a5 7. a4 b4 8. Ne2 Bg4 9. dxe5 Bxf3 10. gxf3 dxe5
11. Bxf7+ Ke7 12. Qxd8+ Kxd8 13. Be3 Kc7 14. Ng3 Nf6 15. Nf5 Nbd7 16. Rg1 g5 17. O-O-O Bc5 18. Rd2 Raf8 19. Bb3 Bxe3 20. fxe3 Nc5
21. Rgd1 Nxb3+ 22. cxb3 g4 23. Nh4 gxf3 24. Ng6 Nxe4 25. Rd7+
1-0

[Event "7th SC 1400/1800"]
[Site "SchemingMind.com"]
[Date "2006.04.15"]
[Round "-"]
[White "Zarra"]
[Black "orothain"]
[Result "1-0"]
[WhiteCountry "FIN"]
[BlackCountry "USA"]
[WhiteElo "1766"]
[WhiteRD "82"]
[BlackElo "1424"]
[BlackRD "120"]
[GameID "46620"]

1. e4 e5 2. Nf3 Nc6 3. Bb5 a6 4. Ba4 Nf6 5. O-O Be7 6. Qe2 b5 7. Bb3 O-O 8. c3 Bb7 9. d4 exd4 10. cxd4 Na5
11. Bc2 d5 12. e5 Ne4 13. Nbd2 Nxd2 14. Bxd2 c5 15. Qd3 g6 16. Rfe1 c4 17. Qe3 Bc8 18. Qh6 f6 19. Bxg6 hxg6 20. Qxg6+ Kh8
21. Bh6 Rg8 22. Qh5 Qe8 23. Qxe8 Rxe8 24. exf6 Kh7 25. Rxe7+ Rxe7 26. fxe7 Bd7 27. Bg5 Re8 28. Ne5 Bc8 29. f4 Bb7 30. f5 Nc6
31. Nxc6 Bxc6 32. f6 Kg8 33. Rf1 Kf7 34. h4 Bd7 35. Rf4 b4 36. g4 c3 37. bxc3 bxc3 38. Rf3 Rc8 39. Rf1 Bxg4 40. Bc1 Rc4
41. e8=Q+
1-0

[Event "7th SC 1400/1800"]
[Site "SchemingMind.com"]
[Date "2006.04.15"]
[Round "-"]
[White "Zarra"]
[Black "mart_r3000"]
[Result "1-0"]
[WhiteCountry "FIN"]
[BlackCountry "ENG"]
[WhiteElo "1741"]
[WhiteRD "81"]
[BlackElo "1311"]
[BlackRD "55"]
[GameID "46621"]

1. e4 Nc6 2. Nf3 Nf6 3. Nc3 e6 4. d4 d5 5. Bg5 Be7 6. Bxf6 Bxf6 7. e5 Be7 8. a3 O-O 9. Bd3 f5 10. exf6 Bxf6
11. Ne2 a6 12. O-O Qd6 13. c3 e5 14. dxe5 Nxe5 15. Nxe5 Bxe5 16. Ng3 g6 17. Qc2 Bd7 18. c4 Qf6 19. cxd5 Rae8 20. f4 Bd4+
21. Kh1 Bxb2 22. Rab1 Bxa3 23. Qxc7 Rf7 24. Qxb7 Rfe7 25. Qxa6 Qc3 26. Qc4 Qxc4 27. Bxc4 Kg7 28. Rbd1 Bb4 29. d6 Bxd6 30. Rxd6 Kh6
31. Rxd7 Rxd7 32. Bb5 Ree7 33. Bxd7 Rxd7 34. f5 gxf5 35. Nxf5+ Kg5 36. h4+ Kh5 37. Kh2 Kg4 38. Ne3+ Kxh4 39. Rf4+ Kh5 40. Ng4 Rg7
41. Kh3 Rg5 42. Ne3 Kg6 43. Rg4 h5 44. Rxg5+ Kxg5 45. Nf1 h4 46. Nh2 Kh5 47. Nf3
1-0

[Event "7th SC 1400/1800"]
[Site "SchemingMind.com"]
[Date "2006.04.16"]
[Round "-"]
[White "langhab"]
[Black "Zarra"]
[Result "1-0"]
[WhiteCountry "PHI"]
[BlackCountry "FIN"]
[WhiteElo "1649"]
[WhiteRD "65"]
[BlackElo "1718"]
[BlackRD "82"]
[GameID "46622"]

1. d4 Nf6 2. c4 g6 3. Nc3 Bg7 4. e4 d6 5. f4 O-O 6. Nf3 c5 7. e5 Nfd7 8. exd6 exd6 9. Nd5 cxd4 10. Nxd4 Bxd4
11. Qxd4 Nc6 12. Qc3 Re8+ 13. Be3 Qh4+ 14. g3 Qg4 15. Be2 Qh3 16. O-O-O Rb8 17. Nc7 Re7 18. Bf3 Qf5 19. g4 Qf6 20. Qxf6 Nxf6
21. g5 Rxe3 22. Bxc6 bxc6 23. gxf6 Rb7 24. Rxd6
1-0

[Event "7th SC 1400/1800"]
[Site "SchemingMind.com"]
[Date "2006.04.15"]
[Round "-"]
[White "orothain"]
[Black "Zarra"]
[Result "0-1"]
[WhiteCountry "USA"]
[BlackCountry "FIN"]
[WhiteElo "1382"]
[WhiteRD "126"]
[BlackElo "1741"]
[BlackRD "81"]
[GameID "46623"]

1. e4 c5 2. Nf3 d6 3. d4 cxd4 4. Nxd4 Nf6 5. Nc3 Nc6 6. Be2 e6 7. Be3 a6 8. a3 Be7 9. Qd3 Ne5 10. Qd2 b5
11. O-O Bb7 12. f3 O-O 13. b4 Qc7 14. a4 Rac8 15. axb5 Qxc3 16. Qxc3 Rxc3 17. Bd2 Rcc8 18. bxa6 Ba8 19. b5 Ned7 20. Rfb1 Nb6
21. Ba5 Bd8 22. Bd3 Nfd7 23. Rc1 Bf6 24. Nc6 Bxc6
0-1

[Event "7th SC 1400/1800"]
[Site "SchemingMind.com"]
[Date "2006.04.15"]
[Round "-"]
[White "mart_r3000"]
[Black "Zarra"]
[Result "0-1"]
[WhiteCountry "ENG"]
[BlackCountry "FIN"]
[WhiteElo "1260"]
[WhiteRD "61"]
[BlackElo "1718"]
[BlackRD "82"]
[GameID "46624"]

1. e4 c5 2. Nf3 d6 3. Nc3 a6 4. Ng5 e6 5. Qf3 Qxg5 6. d4 Qf6 7. Bc4 Qxf3 8. gxf3 cxd4 9. Ne2 Nc6 10. Bg5 Be7
11. h4 Ne5 12. Bb3 Nxf3+ 13. Kd1 Nxg5 14. Rg1 Nxe4 15. Rh1 Nxf2+ 16. Kd2 Nxh1 17. Rxh1 Nf6 18. Nxd4 Ne4+ 19. Kd3 Nf2+ 20. Ke3 Nxh1
21. c4 Bxh4 22. Nf3 Bf6 23. Nd2 Bxb2 24. Ne4 Be5 25. Bd1 Ng3 26. Ng5 Nf5+ 27. Ke4 h6
0-1

[Event "7th SC 1400/1800"]
[Site "SchemingMind.com"]
[Date "2006.04.16"]
[Round "-"]
[White "capablanca"]
[Black "langhab"]
[Result "1/2-1/2"]
[WhiteCountry "GER"]
[BlackCountry "PHI"]
[WhiteElo "1599"]
[WhiteRD "61"]
[BlackElo "1649"]
[BlackRD "65"]
[GameID "46774"]

1. e4 e5 2. Nf3 Nc6 3. Bc4 Bc5 4. c3 Nf6 5. d4 exd4 6. cxd4 Bb4+ 7. Nc3 O-O 8. e5 Bxc3+ 9. bxc3 Ne4 10. Qc2 d5
11. exd6 Nxd6 12. Bb3 Bf5 13. Qb2 h6 14. O-O Na5 15. Bc2 Ndc4 16. Qb1 Bxc2 17. Qxc2 Nc6 18. Nd2 Nxd2 19. Bxd2 Qd5 20. Qb3 Ne7
21. Rfe1 Qxb3 22. axb3 Rfe8 23. Bf4 c6 24. Kf1 a6 25. Re3 g5 26. Be5 Nd5 27. Rh3 f6 28. Bd6 Kg7 29. c4 Ne7 30. Re1 Nf5
31. Bc5 Rxe1+ 32. Kxe1 Re8+ 33. Kd2 Nh4 34. g4 Ng6 35. Re3 Rxe3 36. fxe3 Kf7 37. d5= Ne5 38. h3 cxd5=
1/2-1/2

[Event "7th SC 1400/1800"]
[Site "SchemingMind.com"]
[Date "2006.04.16"]
[Round "-"]
[White "capablanca"]
[Black "Zarra"]
[Result "0-1"]
[WhiteCountry "GER"]
[BlackCountry "FIN"]
[WhiteElo "1586"]
[WhiteRD "67"]
[BlackElo "1670"]
[BlackRD "90"]
[GameID "46775"]

1. e4 e5 2. Nf3 Nc6 3. d4 exd4 4. Nxd4 Nf6 5. Nxc6 bxc6 6. Nc3 Bb4 7. Bd2 Bxc3 8. Bxc3 Nxe4 9. Qe2 Qe7 10. Bxg7 Rg8
11. Bh6 Rg6 12. Bf4 Re6 13. Be3 d5 14. Qh5 d4 15. Bc4 dxe3 16. Bxe6 exf2+ 17. Kf1 Qxe6 18. Qxh7 Qc4#
0-1

[Event "7th SC 1400/1800"]
[Site "SchemingMind.com"]
[Date "2006.04.16"]
[Round "-"]
[White "capablanca"]
[Black "orothain"]
[Result "1-0"]
[WhiteCountry "GER"]
[BlackCountry "USA"]
[WhiteElo "1599"]
[WhiteRD "61"]
[BlackElo "1417"]
[BlackRD "133"]
[GameID "46776"]

1. e4 e5 2. Nf3 Nc6 3. Bc4 Nf6 4. d3 Be7 5. Bg5 d6 6. h3 h6 7. Be3 O-O 8. O-O Na5 9. Nbd2 Nxc4 10. Nxc4 Be6
11. Ncd2 d5 12. Nxe5 dxe4 13. Nxe4 Nxe4 14. dxe4 Bd6 15. Nf3 Qf6 16. Bd4 Qg6 17. Qd3 Bxh3 18. Nh4 Qg5 19. Qxh3
1-0

[Event "7th SC 1400/1800"]
[Site "SchemingMind.com"]
[Date "2006.04.16"]
[Round "-"]
[White "capablanca"]
[Black "mart_r3000"]
[Result "1-0"]
[WhiteCountry "GER"]
[BlackCountry "ENG"]
[WhiteElo "1599"]
[WhiteRD "61"]
[BlackElo "1260"]
[BlackRD "61"]
[GameID "46777"]

1. e4 e5 2. Nf3 Nc6 3. Bc4 d6 4. d4 f6 5. dxe5 fxe5 6. Nc3 Nf6 7. Ng5 Bg4 8. f3 Bh5 9. Ne6 Qe7 10. Nd5 Nxd5
11. Bxd5 Rc8 12. Bg5 Qd7 13. Nxf8 Rxf8 14. c3 a6 15. Qb3 Na5 16. Qc2 Qb5 17. Be6 Rb8 18. O-O-O Nc4 19. Qe2 Qa4 20. Qxc4 Qxc4
21. Bxc4 b5 22. Bb3 h6 23. Be3 g5 24. Rd2 Rd8 25. Bd5 c5 26. b3 b4 27. cxb4 c4 28. Bxc4 Rc8 29. Kb2 Ke7 30. Bxa6 Ra8
31. Bc4 Rfb8 32. a3 Be8 33. Rhd1 Kf8 34. Rxd6 Kg7 35. Bd5 Ra4 36. bxa4 Bxa4 37. Bb3 Be8 38. Rd8
1-0

[Event "7th SC 1400/1800"]
[Site "SchemingMind.com"]
[Date "2006.04.17"]
[Round "-"]
[White "langhab"]
[Black "capablanca"]
[Result "1/2-1/2"]
[WhiteCountry "PHI"]
[BlackCountry "GER"]
[WhiteElo "1649"]
[WhiteRD "65"]
[BlackElo "1599"]
[BlackRD "61"]
[GameID "46778"]

1. d4 d5 2. c4 c6 3. Bf4 Nf6 4. e3 g6 5. Nc3 Bg7 6. Be2 O-O 7. Qc2 Bf5 8. Qd2 dxc4 9. Bxc4 Nbd7 10. Nge2 Nb6
11. Bb3 Nfd5 12. O-O Nxf4 13. Nxf4 Rc8 14. Rad1 e5 15. dxe5 Bxe5 16. Qxd8 Rcxd8 17. Rxd8 Rxd8 18. Rd1 Rxd1+ 19. Bxd1 Bxc3 20. bxc3 Kf8
21. Kf1 Ke7=
1/2-1/2

[Event "7th SC 1400/1800"]
[Site "SchemingMind.com"]
[Date "2006.04.16"]
[Round "-"]
[White "Zarra"]
[Black "capablanca"]
[Result "1-0"]
[WhiteCountry "FIN"]
[BlackCountry "GER"]
[WhiteElo "1718"]
[WhiteRD "82"]
[BlackElo "1599"]
[BlackRD "61"]
[GameID "46779"]

1. e4 e5 2. f4 exf4 3. Bc4 Qh4+ 4. Kf1 Bc5 5. d4 Bb6 6. Nf3 Qe7 7. Qd3 g5 8. Nc3 c6 9. h4 f6 10. Bd2 d6
11. e5 dxe5 12. dxe5 fxe5 13. Nxe5 Kf8 14. Re1 Qc5 15. Qe2 Bf5 16. Na4 Qd6 17. Nf7 Nd7 18. Nxd6
1-0

[Event "7th SC 1400/1800"]
[Site "SchemingMind.com"]
[Date "2006.04.16"]
[Round "-"]
[White "orothain"]
[Black "capablanca"]
[Result "0-1"]
[WhiteCountry "USA"]
[BlackCountry "GER"]
[WhiteElo "1382"]
[WhiteRD "126"]
[BlackElo "1590"]
[BlackRD "58"]
[GameID "46780"]

1. e4 e5 2. Nf3 Nc6 3. Bb5 a6 4. Ba4 Nf6 5. O-O Be7 6. Re1 b5 7. Bb3 O-O 8. c3 Bb7 9. d4 d6 10. d5 Na5
11. Bc2 Nc4 12. Bd3 Nb6 13. b3 c6 14. dxc6 Bxc6 15. Qc2 Re8 16. h3 Rc8 17. Be3 Nbd7 18. b4 Bb7 19. a4 d5 20. exd5 Bxd5
21. axb5 Bxb4 22. bxa6 Bc5 23. Bg5 h6 24. Bxf6 Nxf6 25. Nxe5 Bd4 26. Nf3 Bxf3 27. Rxe8+ Qxe8 28. gxf3 Qe1+ 29. Kg2 Nd5 30. a7 Nf4+
31. Kg3 Nxd3 32. Qxd3 Qxf2+
0-1

[Event "7th SC 1400/1800"]
[Site "SchemingMind.com"]
[Date "2006.04.16"]
[Round "-"]
[White "mart_r3000"]
[Black "capablanca"]
[Result "0-1"]
[WhiteCountry "ENG"]
[BlackCountry "GER"]
[WhiteElo "1260"]
[WhiteRD "61"]
[BlackElo "1599"]
[BlackRD "61"]
[GameID "46781"]

1. e4 e5 2. Nf3 Nc6 3. c3 Nf6 4. d4 exd4 5. cxd4 Nxe4 6. Qe2 Qe7 7. g3 Nf6 8. Ne5 Nxd4 9. Qc4 Qxe5+ 10. Be3 Nc6
11. a3 Qxb2 12. Qe2 Qxe2+ 13. Bxe2 d5 14. O-O Bd6 15. Re1 O-O 16. Nd2 Bf5 17. g4 Nxg4 18. Nf3 Nxe3 19. fxe3 Rfe8 20. Nh4 Be4
21. Red1 Re6 22. Rd2 Rh6 23. Nf3 Rg6+ 24. Kf2 Bxf3 25. Bxf3 Bxh2 26. Rh1 Bg3+ 27. Ke2 Re8 28. Rdd1 d4 29. e4 Bf4 30. Rh4 Be3
31. Rb1 b6 32. Kd3 Ne5+ 33. Ke2 Nxf3 34. Kxf3 Re5 35. Rb4 Rf6+ 36. Ke2 Rf2+ 37. Kd3 Rd2+ 38. Kc4 Rc5+ 39. Kb3 a5
0-1

[Event "7th SC 1400/1800"]
[Site "SchemingMind.com"]
[Date "2006.04.16"]
[Round "-"]
[White "albear"]
[Black "langhab"]
[Result "1-0"]
[WhiteCountry "ENG"]
[BlackCountry "PHI"]
[WhiteElo "1665"]
[WhiteRD "82"]
[BlackElo "1649"]
[BlackRD "65"]
[GameID "46800"]

1. e4 c5 2. Bc4 Nc6 3. c3 e6 4. d4 d5 5. exd5 exd5 6. Bb5 c4 7. Nf3 a6 8. Bxc6+ bxc6 9. Qe2+ Be7 10. Ne5 Bd7
11. Bg5 f6 12. Qh5+ g6 13. Nxg6 hxg6 14. Qxh8 fxg5 15. Qxg8+
1-0

[Event "7th SC 1400/1800"]
[Site "SchemingMind.com"]
[Date "2006.04.16"]
[Round "-"]
[White "albear"]
[Black "capablanca"]
[Result "0-1"]
[WhiteCountry "ENG"]
[BlackCountry "GER"]
[WhiteElo "1714"]
[WhiteRD "81"]
[BlackElo "1599"]
[BlackRD "56"]
[GameID "46801"]

1. e4 e5 2. Nf3 Nc6 3. Bb5 a6 4. Bxc6 dxc6 5. O-O Bd6 6. Nc3 Be6 7. d4 exd4 8. Qxd4 f6 9. Be3 Ne7 10. Rad1 O-O
11. e5 fxe5 12. Nxe5 c5 13. Qh4 Nf5 14. Qxd8 Raxd8 15. Bg5 Rde8 16. Rfe1 Nd4 17. Nf3 Nxf3+ 18. gxf3 Rxf3 19. Ne4 Bf4 20. Bxf4 Rxf4
21. Nxc5 Rg4+ 22. Kf1 Bc4+ 23. Nd3 Rxe1+ 24. Rxe1 Kf7 25. f3 Rd4 26. Rd1 Bxd3+ 27. Rxd3 Rxd3 28. cxd3 c5 29. Ke2 g5 30. Ke3 Ke6
31. h3 Ke5 32. a3 b5 33. b4 c4 34. dxc4 bxc4 35. Kd2 Kd4 36. Kc2 h6 37. a4 h5 38. b5 axb5 39. axb5= Kc5 40. h4 gxh4
41. f4 h3 42. f5 h2 43. f6 h1=Q 44. f7 Qf1 45. f8=Q+ Qxf8 46. b6= Kxb6
0-1

[Event "7th SC 1400/1800"]
[Site "SchemingMind.com"]
[Date "2006.04.16"]
[Round "-"]
[White "albear"]
[Black "Zarra"]
[Result "1/2-1/2"]
[WhiteCountry "ENG"]
[BlackCountry "FIN"]
[WhiteElo "1714"]
[WhiteRD "81"]
[BlackElo "1766"]
[BlackRD "82"]
[GameID "46802"]

1. e4 e5 2. Nf3 Nc6 3. Bb5 Nd4 4. Nxd4 exd4 5. O-O Bc5 6. Bc4 d6 7. Qf3 Qe7 8. c3 Nf6 9. cxd4 Bxd4 10. Nc3 O-O
11. d3 Bg4 12. Nd5 Nxd5 13. Qxg4 Nb6 14. Bg5 Bf6 15. Bh6 Nxc4 16. dxc4 Rab8 17. Rac1 Bxb2 18. Rfe1 Kh8 19. Rc2 Bf6 20. Bf4 Rbd8
21. h3 Be5 22. Bxe5 dxe5 23. Rd1 Rd4 24. Rcd2 f5 25. Qh5 Rxe4 26. Rd7 Qf6 27. Kf1=
1/2-1/2

[Event "7th SC 1400/1800"]
[Site "SchemingMind.com"]
[Date "2006.04.16"]
[Round "-"]
[White "albear"]
[Black "mart_r3000"]
[Result "1/2-1/2"]
[WhiteCountry "ENG"]
[BlackCountry "ENG"]
[WhiteElo "1709"]
[WhiteRD "81"]
[BlackElo "1311"]
[BlackRD "55"]
[GameID "46804"]

1. e4 e5 2. Nf3 Nc6 3. Bb5 Nf6 4. Bxc6 bxc6 5. Nc3 Ng4 6. h3 Nxf2 7. Kxf2 Bc5+ 8. d4 exd4 9. Nxd4 Qh4+ 10. g3 Qf6+
11. Kg2 Bxd4 12. Rf1 Qe5 13. Qf3 d6 14. h4 O-O 15. Bf4 Qe7 16. Rfe1 Ba6 17. Qg4 Qf6 18. Na4 Rfe8 19. c3 Be5 20. Bg5 Qg6
21. h5 Bc8 22. Qxc8 Qxg5 23. Qh3 d5 24. exd5 cxd5 25. Nc5 Rad8 26. Rad1 f5 27. Nd3 Bf6 28. Rxe8+ Rxe8 29. Nf4 Re4 30. Rf1 Be5
31. Ne6 Qd2+ 32. Kg1 Re2 33. Rxf5 Qe3+ 34. Kf1 Re1+ 35. Kg2 Qg1+ 36. Kf3 Re3+ 37. Kg4 Qd1+ 38. Kg5 Bf6+ 39. Rxf6 gxf6+ 40. Kxf6 Qf3+
41. Nf4 Qxf4+ 42. gxf4 Rxh3 43. f5=
1/2-1/2

[Event "7th SC 1400/1800"]
[Site "SchemingMind.com"]
[Date "2006.04.17"]
[Round "-"]
[White "langhab"]
[Black "albear"]
[Result "0-1"]
[WhiteCountry "PHI"]
[BlackCountry "ENG"]
[WhiteElo "1640"]
[WhiteRD "66"]
[BlackElo "1714"]
[BlackRD "81"]
[GameID "46805"]

1. d4 d5 2. c4 c6 3. Bf4 dxc4 4. e3 b5 5. a4 Nf6 6. axb5 cxb5 7. Qf3 Nd5 8. Nc3 e6 9. Nxb5 Bb4+ 10. Kd1 c3
11. bxc3 Bxc3 12. Nxc3 Nxc3+ 13. Kd2 Nd5 14. Bb5+ Bd7 15. Bxd7+ Qxd7 16. Ne2 O-O 17. Rhc1 a5 18. Nc3 Nc6 19. Ne4 Nxf4 20. Qxf4 e5
21. Qg3 f5 22. Nc5 Qd6 23. Ke1 f4 24. exf4 exf4 25. Qb3+ Kh8 26. Rd1 Rfe8+ 27. Kf1 f3 28. Qxf3 Nxd4 29. Qc3 Qxh2 30. f3 Qh1+
31. Kf2 Re2+ 32. Kg3 Qxg2+ 33. Kf4 Rf8#
0-1

[Event "7th SC 1400/1800"]
[Site "SchemingMind.com"]
[Date "2006.04.16"]
[Round "-"]
[White "capablanca"]
[Black "albear"]
[Result "0-1"]
[WhiteCountry "GER"]
[BlackCountry "ENG"]
[WhiteElo "1599"]
[WhiteRD "61"]
[BlackElo "1665"]
[BlackRD "82"]
[GameID "46806"]

1. e4 e5 2. Nf3 Nc6 3. d4 exd4 4. Nxd4 Nxd4 5. Qxd4 d6 6. Bc4 c5 7. Qd3 Be6 8. Nc3 a6 9. Bd5 Bxd5 10. Nxd5 Nf6
11. Bg5 Be7 12. Rd1 Nxd5 13. Qxd5 Bxg5 14. Qxb7 Qa5+ 15. c3 O-O 16. Rxd6 Rab8 17. Qxa6 Qxa6 18. Rxa6 Rxb2 19. O-O Rc2 20. f4 Be7
21. Rf3 f6 22. a4 g5 23. f5 g4 24. Rg3 h5 25. h3 Rd8 26. hxg4 h4 27. Rh3 Rd1+
0-1

[Event "7th SC 1400/1800"]
[Site "SchemingMind.com"]
[Date "2006.04.16"]
[Round "-"]
[White "Zarra"]
[Black "albear"]
[Result "1-0"]
[WhiteCountry "FIN"]
[BlackCountry "ENG"]
[WhiteElo "1718"]
[WhiteRD "82"]
[BlackElo "1665"]
[BlackRD "82"]
[GameID "46807"]

1. e4 e5 2. Nc3 Nf6 3. f4 d6 4. Nf3 Bg4 5. Bc4 a6 6. d3 b5 7. Bb3 Bxf3 8. Qxf3 Be7 9. Qg3 O-O 10. fxe5 dxe5
11. Bh6 g6 12. Bxf8 Kxf8 13. O-O Bc5+ 14. Kh1 Nh5 15. Rxf7+ Ke8 16. Qxe5+ Be7 17. Nd5 Kxf7 18. Nxc7+ Kf8 19. Qh8#
1-0

[Event "7th SC 1400/1800"]
[Site "SchemingMind.com"]
[Date "2006.04.16"]
[Round "-"]
[White "orothain"]
[Black "albear"]
[Result "0-1"]
[WhiteCountry "USA"]
[BlackCountry "ENG"]
[WhiteElo "1417"]
[WhiteRD "133"]
[BlackElo "1665"]
[BlackRD "82"]
[GameID "46808"]

1. e4 e5 2. Nf3 Nc6 3. Bb5 d6 4. Bxc6+ bxc6 5. d4 Bg4 6. dxe5 Bxf3 7. Qxf3 dxe5 8. O-O Bd6 9. Nd2 Nf6 10. Nc4 O-O
11. b3 Bc5 12. Qg3 Kh8 13. Qxe5 Bd4
0-1

[Event "7th SC 1400/1800"]
[Site "SchemingMind.com"]
[Date "2006.04.16"]
[Round "-"]
[White "mart_r3000"]
[Black "albear"]
[Result "0-1"]
[WhiteCountry "ENG"]
[BlackCountry "ENG"]
[WhiteElo "1260"]
[WhiteRD "61"]
[BlackElo "1665"]
[BlackRD "82"]
[GameID "46809"]

1. e4 e5 2. Nf3 Bd6 3. d4 exd4 4. Nxd4 Nf6 5. Nf5 O-O 6. Bd3 Qe8 7. Nc3 Bb4 8. Bd2 d5 9. Bb5 c6 10. Be2 Bxc3
11. Bxc3 Qxe4 12. Rg1 Bxf5 13. Qd2 Nbd7 14. O-O-O Rfe8 15. f3 Qxe2 16. Rge1 Qxd2+ 17. Bxd2 Nb6 18. Bg5 Rxe1 19. Rxe1 Re8 20. Rxe8+ Nxe8
21. g4 h6 22. Bf4 g5 23. Be5 f6 24. Bd4 Bg6 25. Bc5 Nc4 26. b3 Ne5 27. a4 Nxf3 28. h3 a6 29. Kd1 f5 30. gxf5 Bxf5
31. Ke2 Ng1+ 32. Bxg1 Bxc2 33. b4 Bxa4
0-1